MEMLEKET HİKAYELERİ (Record no. 643701)
[ view plain ]
| 000 -LEADER | |
|---|---|
| sabit uzunluktaki kontrol alanı | 00242nam a2200097Ia 4500 |
| 001 - KONTROL NUMARASI | |
| kontrol alanı | 643701 |
| 005 - EN SON İŞLEMİN TARİH VE ZAMANI | |
| kontrol alanı | 20250826153550.0 |
| 008 - SABİT-UZUNLUKTA VERİ ÖĞELERİ--GENEL BİLGİ | |
| sabit uzunluktaki kontrol alanı | 250824s9999 xx 000 0 und d |
| 245 #0 - ESER / YAZAR | |
| ESER ADI | MEMLEKET HİKAYELERİ |
| Yazar Adı | REFİK HALİT KARAY |
| 260 ## - YAYIN, DAĞITIM, VB. | |
| YAYIN EVİ | İNKILAP |
| Düşüm durumu | Kayıp durumu | Hasar Durumu | Ödünç verilmez | Ana kütüphane | Geçerli Kütüphane | Edinilen tarih | Toplam ödünç verme sayısı | Barkod | Son görüntüleme tarihi | Fiyatın geçerli olmaya başladığı tarih | Koha materyal türü | Sınıflandırma Kaynağı veya raf şeması | Tam yer numarası | Son ödünç verme tarihi |
|---|---|---|---|---|---|---|---|---|---|---|---|---|---|---|
| AKINCILAR AHMET HAŞHAŞ İLKOKULU | AKINCILAR AHMET HAŞHAŞ İLKOKULU | 24.08.2025 | 10041379 | 26.08.2025 | 26.08.2025 | Books | ||||||||
| MUSTAFA BÜYÜKKAPLAN HAFIZ İMAM HATİP ORTAOKULU (KIZ) | MUSTAFA BÜYÜKKAPLAN HAFIZ İMAM HATİP ORTAOKULU (KIZ) | 12.12.2025 | 1 | 10392377 | 19.12.2025 | 12.12.2025 | Books | Dewey Ondalık Sınıflama | F3 | 12.12.2025 |